Welcome to CU Library Online Public Access Catalogue (OPAC)

Essentials of general surgery / (Record no. 3748)

MARC details
000 -LEADER
fixed length control field 00893pam a22002414a 4500
001 - CONTROL NUMBER
control field 14340339
005 - DATE AND TIME OF LATEST TRANSACTION
control field 20250209140519.0
008 - FIXED-LENGTH DATA ELEMENTS--GENERAL INFORMATION
fixed length control field 060413s2006 paua b 001 0 eng
020 ## - INTERNATIONAL STANDARD BOOK NUMBER
International Standard Book Number 9780781750035
050 00 - LIBRARY OF CONGRESS CALL NUMBER
Classification number RD31
Item number .E747 2006
082 00 - DEWEY DECIMAL CLASSIFICATION NUMBER
Classification number 617
Edition information 22
245 00 - TITLE STATEMENT
Title Essentials of general surgery /
Statement of responsibility, etc. senior editor, Peter F. Lawrence ; editors, Richard M. Bell, Merril T. Dayton.
250 ## - EDITION STATEMENT
Edition statement 4th ed.
260 ## - PUBLICATION, DISTRIBUTION, ETC.
Place of publication, distribution, etc. Philadelphia :
Name of publisher, distributor, etc. Lippincott Williams & Wilkins,
Date of publication, distribution, etc. c2006.
300 ## - PHYSICAL DESCRIPTION
Extent xiv, 613 p. :
Other physical details ill. ;
Dimensions 28 cm.
650 #0 - SUBJECT ADDED ENTRY--TOPICAL TERM
Topical term or geographic name entry element Surgery
Form subdivision Textbooks.
700 1# - ADDED ENTRY--PERSONAL NAME
Personal name Lawrence, Peter F.
700 1# - ADDED ENTRY--PERSONAL NAME
Personal name Bell, Richard M.
700 1# - ADDED ENTRY--PERSONAL NAME
Personal name Dayton, Merril T.
856 42 - ELECTRONIC LOCATION AND ACCESS
Materials specified Publisher description
Uniform Resource Identifier <a href="http://www.loc.gov/catdir/enhancements/fy0712/2006271482-d.html">http://www.loc.gov/catdir/enhancements/fy0712/2006271482-d.html</a>
856 41 - ELECTRONIC LOCATION AND ACCESS
Materials specified Table of contents only
Uniform Resource Identifier <a href="http://www.loc.gov/catdir/enhancements/fy0811/2006271482-t.html">http://www.loc.gov/catdir/enhancements/fy0811/2006271482-t.html</a>
942 ## - ADDED ENTRY ELEMENTS (KOHA)
Source of classification or shelving scheme Library of Congress Classification
Koha item type Books
Edition 4th ed.
Suppress in OPAC No
999 ## -
-- 3748
-- 3748
Holdings
Withdrawn status Lost status Source of classification or shelving scheme Damaged status Not for loan Collection Home library Current library Shelving location Date acquired Total checkouts Full call number Barcode Date last seen Copy number Price effective from Koha item type
    Library of Congress Classification     Non-fiction Science Library (Miotso) Science Library (Miotso) General stacks 02/09/2025   RD31 .E747 ESS SLM00003366 02/09/2025 1 02/09/2025 Books
    Library of Congress Classification     Non-fiction Science Library (Miotso) Science Library (Miotso) General stacks 02/09/2025   RD31 .E747 ESS SLM00003367 02/09/2025 2 02/09/2025 Books
    Library of Congress Classification     Non-fiction Science Library (Miotso) Science Library (Miotso) General stacks 02/09/2025   RD31 .E747 ESS SLM00003368 02/09/2025 3 02/09/2025 Books
    Library of Congress Classification     Non-fiction Science Library (Miotso) Science Library (Miotso) General stacks 02/09/2025   RD31 .E747 ESS SLM00003369 02/09/2025 4 02/09/2025 Books
    Library of Congress Classification     Non-fiction Science Library (Miotso) Science Library (Miotso) General stacks 02/09/2025   RD31 .E747 ESS SLM00003370 02/09/2025 5 02/09/2025 Books
    Library of Congress Classification     Non-fiction Science Library (Miotso) Science Library (Miotso) General stacks 02/09/2025   RD31 .E747 ESS SLM00003371 02/09/2025 6 02/09/2025 Books
    Library of Congress Classification     Non-fiction Science Library (Miotso) Science Library (Miotso) General stacks 02/09/2025   RD31 .E747 ESS SLM00003372 02/09/2025 7 02/09/2025 Books
    Library of Congress Classification     Non-fiction Science Library (Miotso) Science Library (Miotso) General stacks 02/09/2025   RD31 .E747 ESS SLM00003373 02/09/2025 8 02/09/2025 Books
    Library of Congress Classification     Non-fiction Science Library (Miotso) Science Library (Miotso) General stacks 02/09/2025   RD31 .E747 ESS SLM00003374 02/09/2025 9 02/09/2025 Books
© 2023-2024 Copyright: Central University Libraries. All Rights Reserved | Created by: Mahone Tech Office